Unification of the three chartered societies of the land (Record no. 89318)

MARC details
000 -LEADER
fixed length control field 00733cam a2200253 4500
001 - CONTROL NUMBER
control field D16338
008 - FIXED-LENGTH DATA ELEMENTS--GENERAL INFORMATION
fixed length control field 1968
035 ## - SYSTEM CONTROL NUMBER
System control number (Sirsi) u28656
041 ## - LANGUAGE CODE
Language code of text/sound track or separate title eng
050 ## - LIBRARY OF CONGRESS CALL NUMBER
Classification number 333.0062
090 ## - LOCALLY ASSIGNED LC-TYPE CALL NUMBER (OCLC); LOCAL CALL NUMBER (RLIN)
Classification number (OCLC) (R) ; Classification number, CALL (RLIN) (NR) RICS 1968/21ABC
110 ## - MAIN ENTRY--CORPORATE NAME
Corporate name or jurisdiction name as entry element Royal Institution of Chartered Surveyors
9 (RLIN) 4900
245 ## - TITLE STATEMENT
Title Unification of the three chartered societies of the land
260 ## - PUBLICATION, DISTRIBUTION, ETC.
Place of publication, distribution, etc. [London]
Name of publisher, distributor, etc. RICS
Date of publication, distribution, etc. 1968
300 ## - PHYSICAL DESCRIPTION
Extent 37 p.
Dimensions 30 cm.
350 ## - PRICE (NR) (BK AM CF MU VM SE) [OBSOLETE]
Price 0
520 ## - SUMMARY, ETC.
Summary, etc. Filed in box 1968/21 AB
651 #4 - SUBJECT ADDED ENTRY--GEOGRAPHIC NAME
Geographic name Great Britain
Chronological subdivision 1707-
690 ## - LOCAL SUBJECT ADDED ENTRY--TOPICAL TERM (OCLC, RLIN)
Topical term or geographic name as entry element Business and management
710 1# - ADDED ENTRY--CORPORATE NAME
Corporate name or jurisdiction name as entry element Chartered Land Agents' Society
710 1# - ADDED ENTRY--CORPORATE NAME
Corporate name or jurisdiction name as entry element Chartered Auctioneers' and Estate Agents' Institute
942 ## - ADDED ENTRY ELEMENTS (KOHA)
Suppress in OPAC 0
948 ## - LOCAL PROCESSING INFORMATION (OCLC); SERIES PART DESIGNATOR (RLIN)
c (OCLC) 04/03/1997
Holdings
Withdrawn status Lost status Source of classification or shelving scheme Damaged status Not for loan Home library Current library Shelving location Date acquired Total Checkouts Full call number Barcode Date last seen Copy number Price effective from Koha item type
    Dewey Decimal Classification     Historic collection Historic collection RICS Boxes 10/01/2012   RICS 1968/21 30077007 06/08/2019 1 06/08/2019 Archive
    Dewey Decimal Classification     London London RICS Boxes 14/09/1999   RICS 1968/21BC 30005920 06/08/2019 1 06/08/2019 Book
    Dewey Decimal Classification     London London RICS Boxes 19/08/1991   RICS 1968/21BC 30005924 06/08/2019 2 06/08/2019 Reference material
    Dewey Decimal Classification     London London RICS Boxes 21/08/1991   RICS 1968/21BC 30028027 06/08/2019 3 06/08/2019 Reference material